000 00680cam a2200193 i 4500
005 20251124094327.0
008 250721s2004 jo gr 000 0 ara d
020 _a9957320645
082 1 4 _a211.6
_b م ق د
100 1 _aمقدادي، علي عايد
_eمؤلف.
245 1 2 _aالترويض في تبيان حقيقة التفويض /
_cتأليف د. علي عايد مقدادي.
250 _aالطبعة الأولى.
264 3 1 _aعمان :
_bدار الحامد للنشر و التوزيع،
_c2004.
300 _a207 صفحة.
650 1 7 _aالقرآن الكريم.
650 1 7 _aألفاظ القرآن.
942 _2ddc
_cBK
999 _c92213
_d92213